000 00730nam a22001815i 4500
001 165960
003 ES-MaACL
005 20250627063659.0
008 950111s1877 sp |||| | spa d
040 _aPAB
_bspa
100 1 _aTaboada y Leal, Nicolás,
_d1798-1883
_9133101
245 1 0 _aHidrologia médica de Galicia ó sea Noticia de las aguas minero-medicinales de las cuatro provincias de este antiguo reino
_b: dividida en dos partes... /
_cpor Nicolás Taboada Leal...
260 _aMadrid :
_b[s.n.],
_c1877 (
_fEstablecimiento Tipográfico de Pedro Nuñez)
300 _a369 p. ;
_c22 cm.
650 4 _aAguas minerales-
_zGalicia.
_9135525
852 _aES-MaACL
_jG-2605
_z-- Rúst.
999 _c165960
_d165960